[Event "83rd ESP-ch Women-ch 2018"]
[Site "Linares"]
[Date "2018.08.20"]
[Round "1"]
[White "Salgado Lopez, Ivan"]
[Black "Arroyo Rodriguez, Jesus"]
[Result "1-0"]
[WhiteElo "2643"]
[BlackElo "2099"]
[Annotator "TA"]
[PlyCount "35"]
[EventDate "2018.08.09"]
[EventType "tourn"]
[EventCountry "ESP"]
[SourceTitle "playchess.com"]
[Source "ChessBase"]
[SourceQuality "1"]

{[%evp 9,35,20,29,41,24,21,57,54,43,75,220,191,419,410,422,428,543,539,749,601,695,635,743,751,1155,1029,1010,933]} 1. d4 Nf6 2. Bg5 c5 3. d5 Ne4 4. Bf4 Qb6 5. Bc1 Qf6 {[%csl Ge4][%cal Rf6f2] [#]} (5... e5 6. f3 Nd6 7. e4 f5 8. Nc3 Be7 9. Nh3 fxe4 10. fxe4 O-O 11. Qh5 Na6 12. Be2 c4 13. Rf1 {1-0 (50) Bernadskiy,V (2586)-Movsesian,S (2635) Pardubice 2018}) 6. Nf3 {A45: Trompowsky Attack} e6 7. g3 $146 ({Predecessor:} 7. c3 exd5 8. Qxd5 Qe6 9. Qxe6+ fxe6 10. Nbd2 Nxd2 11. Bxd2 Nc6 12. e4 Bd6 13. Be3 {1-0 (42) Pankov,G (2404)-Kanter,E (2353) Minsk 2015}) 7... h5 8. Bg2 {White is slightly better.} h4 9. O-O Bd6 (9... h3 $16 10. Bh1 d6) 10. Qd3 ({Don't do} 10. gxh4 $6 Rh5 $16) 10... Nxf2 $2 {[#]} (10... h3 {was called for.}) 11. Kxf2 $18 hxg3+ 12. hxg3 {White is clearly winning.} exd5 13. Nc3 d4 14. Ne4 Qe7 15. e3 Nc6 16. exd4 Nxd4 17. Nxd4 cxd4 18. Bg5 {Precision: White = 93%, Black = 18%.} 1-0

[Event "83rd ESP-ch Women-ch 2018"]
[Site "Linares"]
[Date "2018.08.20"]
[Round "1"]
[White "Santos Latasa, Jaime"]
[Black "Gil Quilez, Sonia"]
[Result "1-0"]
[WhiteElo "2582"]
[BlackElo "2066"]
[Annotator "TA"]
[PlyCount "85"]
[EventDate "2018.08.09"]
[EventType "tourn"]
[EventCountry "ESP"]
[SourceTitle "playchess.com"]
[Source "ChessBase"]
[SourceQuality "1"]

{[%evp 22,85,55,35,58,43,41,45,50,23,67,64,78,72,70,66,66,65,65,75,92,91,92,79,84,64,160,139,196,141,234,169,286,101,111,78,81,81,82,96,98,110,160,0,0,0,132,133,133,11,8,11,11,26,8,0,113,93,881,866,675,875,1620,1576,1536,1450]} 1. d4 d5 2. c4 c6 3. Nf3 Nf6 4. e3 e6 5. b3 Nbd7 6. Bb2 Ne4 7. Bd3 Bd6 8. O-O O-O 9. Qc2 {D30: Queen's Gambit Declined: Systems without Nc3} f5 10. Ba3 Qe7 11. Bxd6 Qxd6 12. Nc3 {LiveBook: 4 Games} Rf6 13. Qb2 $146 ({Predecessor:} 13. Ne2 h6 14. cxd5 exd5 15. Qb2 Re6 16. Nh4 Rf6 17. f3 Nf8 18. fxe4 fxe4 {1-0 (29) Gonzalez Garcia,J (2532)-Izijk,J (2066) Istanbul 2012}) 13... Rh6 14. g3 Qe7 15. Ne2 Ndf6 16. Ne5 Bd7 17. f3 {[%cal Bf2f3,Bf3f4][%mdl 32]} Ng5 18. Rac1 Nf7 19. c5 g5 20. b4 g4 21. f4 $1 Nxe5 22. dxe5 Ne4 23. Nd4 Rh3 (23... Rg6 $14) 24. Bxe4 $1 $16 fxe4 (24... dxe4 $16 25. Qb3 Kg7) 25. Qe2 ({White should play} 25. b5 $18) 25... Qg7 (25... h5 $16 {was worth a try.}) 26. a4 h5 (26... Qg6 $142 27. Rc2 Rf8) 27. Rf2 $2 (27. f5 $1 $18 {is the precise move to win.}) 27... h4 28. Rg2 (28. gxh4 {is interesting.} Kh7 29. b5 Rg8 30. Rg2 Qe7 31. Qf2) 28... hxg3 29. Rxg3 Rxg3+ 30. hxg3 Kf7 31. b5 Rh8 {[#]} 32. Rb1 $2 (32. bxc6 $1 $16 Bxc6 33. Rb1) 32... Rh3 $11 33. bxc6 Rxg3+ (33... Qh8 $11 34. Qg2 Bxc6) 34. Kf2 $16 Rf3+ 35. Ke1 (35. Nxf3 $16 gxf3 36. Qf1) 35... bxc6 $11 36. Rb7 $36 {[%mdl 2048] Black is under pressure.} Qh6 37. Rxd7+ Ke8 $1 38. Rd6 Qh4+ {[#]} (38... Qh1+ $1 $11 {keeps the balance.} 39. Kd2 Qb1 40. Rxe6+ (40. Nxf3 Qb4+ 41. Kc1 gxf3 $11) 40... Kd7 41. Rd6+ (41. Rxc6 Qb4+ 42. Kc1 Qa3+ 43. Kb1 Qb4+ 44. Ka2 Qxa4+ 45. Kb1 Qb4+ 46. Kc1 Qa3+ 47. Kb1 Qb4+ 48. Kc1 Qc3+ 49. Kd1 Qa1+ 50. Kd2 Qb2+ 51. Nc2 Kxc6 $11) 41... Ke8) 39. Kd1 $1 $16 Rf2 $2 {[%mdl 8192]} (39... Qh1+ $16 40. Kd2 Qb1 41. Rxe6+ (41. Nxf3 Qb4+ 42. Kc2 Qxa4+ 43. Kb2 Qb4+ 44. Ka2 exf3 $11) 41... Kf8 42. Rf6+ (42. Nxf3 Qb4+ 43. Kc2 Qxa4+ 44. Kb2 Qb4+ 45. Kc1 Qa3+ 46. Kb1 gxf3 $11) (42. Rxc6 Qb2+ 43. Nc2 g3 $11) 42... Ke8) 40. Rxe6+ $18 {White is clearly winning.} Kf8 {[#]} 41. Rh6 $1 {[%mdl 512]} Rxe2 (41... Qxh6 42. Qxf2) 42. Rxh4 Rxe3 43. Nf5 {Precision: White = 51%, Black = 53%.} 1-0

[Event "83rd ESP-ch Women-ch 2018"]
[Site "Linares"]
[Date "2018.08.20"]
[Round "1"]
[White "Santos Ruiz, Miguel"]
[Black "Fernandez Montero, Francisco Manuel"]
[Result "1-0"]
[WhiteElo "2517"]
[BlackElo "2046"]
[Annotator "TA"]
[PlyCount "41"]
[EventDate "2018.08.09"]
[EventType "tourn"]
[EventCountry "ESP"]
[SourceTitle "playchess.com"]
[Source "ChessBase"]
[SourceQuality "1"]

{[%evp 20,41,123,120,126,107,114,128,168,170,177,169,208,208,204,206,208,201,178,177,248,250,253,249]} 1. d4 f5 2. Nf3 d6 3. g3 e6 4. Bg2 Nf6 5. O-O Be7 6. c4 O-O 7. Nc3 Ne4 8. Nxe4 {A96: Holländische Verteidigung (Hauptvariante)} (8. Qc2 Nxc3 9. bxc3 Nc6 10. d5 Na5 11. dxe6 Bxe6 12. Nd4 Bxc4 13. Nxf5 Bf6 14. Ne3 Bf7 15. Be4 h6 16. Rb1 Kh8 17. c4 {½-½ (25) Ding,L (2777)-Kravtsiv,M (2665) Tbilisi 2017}) 8... fxe4 9. Nd2 d5 10. f3 c5 11. fxe4 {LiveBook: 3 Partien} Rxf1+ 12. Qxf1 {[%cal Re4d5]} dxe4 {[#]} 13. dxc5 $1 ({Finger weg von} 13. Bxe4 Qxd4+ 14. Qf2 Nc6 $14) 13... Na6 $146 ({Vorgänger:} 13... Qd4+ 14. Kh1 Bd7 15. Nxe4 Bc6 {½-½ (94) Iljin,T (2408)-Obukhov,A (2438) Alushta 2008}) 14. Nxe4 {Le3 ist eine echte Drohung.} Nxc5 15. Be3 Qc7 16. Nxc5 Bxc5 17. Bxc5 Qxc5+ 18. Qf2 Qxf2+ 19. Kxf2 Bd7 (19... Kf8 $142 20. Rd1 Ke7) 20. Rd1 $18 Be8 21. Rd6 1-0

[Event "83rd ESP-ch Women-ch 2018"]
[Site "Linares"]
[Date "2018.08.20"]
[Round "1"]
[White "Arizmendi Martinez, Julen Luis"]
[Black "Vergara Anton, Diego"]
[Result "1-0"]
[WhiteElo "2507"]
[BlackElo "2022"]
[Annotator "TA"]
[PlyCount "61"]
[EventDate "2018.08.09"]
[EventType "tourn"]
[EventCountry "ESP"]
[SourceTitle "playchess.com"]
[Source "ChessBase"]
[SourceQuality "1"]

{[%evp 23,61,26,27,21,84,66,57,66,65,73,97,83,109,122,118,118,116,106,327,326,499,499,741,738,735,733,720,150,159,0,699,662,29987,29988,29988,29989,29989,844,29990,29991]} 1. e4 e6 2. d4 d5 3. Nd2 c5 4. Ngf3 cxd4 5. exd5 Qxd5 6. Bc4 Qd8 7. O-O Nc6 8. Nb3 a6 {C07: French Tarrasch: 3...c5, 4 Ngf3 and 4 exd5 Qxd5} 9. Qe2 (9. Nbxd4 Nxd4 10. Nxd4 Qc7 11. Bd3 Nf6 12. Re1 Bd6 13. h3 O-O 14. Bg5 Be5 15. c3 h6 16. Nf3 Bxc3 {1-0 (51) Mamedov,R (2709)-Le,Q (2737) Huaian 2017}) 9... Bd6 10. Rd1 Nge7 11. Nbxd4 Nxd4 12. Rxd4 Qc7 {LiveBook: 4 Games} 13. Bd3 $146 ({Predecessor:} 13. c3 Bd7 14. Bd3 e5 15. Rc4 Qb8 {0-1 (41) Kukel,I (2174)-Komora,A (2276) Slovakia 2000}) 13... Ng6 (13... e5 $11 14. Rh4 h6) 14. h4 $16 Bd7 15. h5 Ne5 16. h6 Nxf3+ 17. Qxf3 ({Inferior is} 17. gxf3 gxh6 18. Kf1 Bc6 $17) 17... gxh6 18. Bxh6 Bc6 19. Be4 Bxe4 20. Qxe4 {Rad1 is the strong threat.} ({Resist} 20. Rxe4 $6 O-O-O $14) 20... Bc5 $2 {[#]} (20... Qe7 $16) 21. Rd3 Rg8 (21... Rd8 $142 22. Rxd8+ Kxd8 23. Rd1+ Kc8) 22. Qxh7 $18 Bxf2+ (22... Rf8 $142 23. Bxf8 Bxf8) 23. Kxf2 Qxc2+ 24. Bd2 Qc5+ 25. Be3 $2 {[#]} (25. Kf1 $18 {and the rest is easy.} Rg6 26. Rc1 Rf6+ 27. Rf3 Qb5+ 28. Kg1 Rxf3 29. gxf3 Qb6+ 30. Kh1) 25... Qc2+ $16 26. Bd2 $2 (26. Kf1 $16 Qxg2+ 27. Ke1) 26... Qc5+ $1 $18 27. Kf1 Qf5+ 28. Qxf5 exf5 29. Re1+ Kf8 30. Bh6+ Rg7 31. Rg3 {Precision: White = 66%, Black = 50%.} 1-0

[Event "83rd ESP-ch Women-ch 2018"]
[Site "Linares"]
[Date "2018.08.20"]
[Round "1"]
[White "Aroshidze, Levan"]
[Black "Samuel Lares, Jairo"]
[Result "1-0"]
[WhiteElo "2504"]
[BlackElo "2006"]
[Annotator "TA"]
[PlyCount "95"]
[EventDate "2018.08.09"]
[EventType "tourn"]
[EventCountry "ESP"]
[SourceTitle "playchess.com"]
[Source "ChessBase"]
[SourceQuality "1"]

{[%evp 20,95,33,29,32,35,52,0,14,19,20,5,6,14,38,24,28,28,31,29,29,22,25,12,11,0,0,0,0,0,28,31,57,0,-8,-10,-8,-52,-59,-54,-31,-138,-120,-124,-116,-164,-173,-166,-172,-165,-180,-164,-159,-151,-8,-22,0,0,0,-21,-21,-21,95,89,77,77,88,91,90,92,116,114,29976,29976,29977,29978,29978,29979]} 1. e4 c5 2. Nf3 Nc6 3. d4 cxd4 4. Nxd4 e5 5. Nb5 {[%cal Bd4b5,Bb5a3,Ba3c4][%mdl 32]} d6 6. N1c3 a6 7. Na3 Be7 8. Nc4 Nf6 {B32: Sizilianisch (Löwenthal-Variante)} 9. Ne3 Be6 10. g3 O-O 11. Bg2 {LiveBook: 5 Partien} Qd7 12. O-O Nd4 $146 ({Vorgänger:} 12... Rac8 13. Ncd5 Bd8 14. c3 Na5 15. Qd3 Qc6 16. Rd1 {1-0 (40) Lanka,Z (2521)-Medunova,V (2170) Passau 1999}) 13. Ncd5 ({Besser ist} 13. f4 $14) 13... Bxd5 14. exd5 Nf5 15. Nc4 {zielt auf Sb6 ab.} Qc7 16. Qd3 Rac8 17. b3 b5 18. Na3 Qc3 19. Qxc3 Rxc3 20. Bd2 Rc7 21. c4 Rb8 22. cxb5 axb5 23. Rfc1 Rxc1+ 24. Rxc1 h6 25. Nc2 Ra8 26. Nb4 (26. Ra1 $1 $14) 26... Bd8 27. Rc6 Ba5 28. a3 Kf8 29. Bc3 Ke7 30. Nc2 (30. f4 $15) 30... Bxc3 $17 31. Rxc3 Nd4 32. Nxd4 exd4 {[%mdl 4096] Endspiel KTL-KTS} 33. Rc7+ {[#]} Kd8 $1 {[%cal Rd8c7]} 34. Rxf7 Rxa3 {Und weiter mit ...d3 wäre nett.} 35. Kf1 d3 {[%cal Ra3a1]} (35... Rxb3 36. Rxg7 d3 37. Ke1 $15) 36. Ke1 Ra2 (36... Rxb3 37. Rxg7 Rb1+ 38. Kd2 $15) ({Günstiger ist} 36... Ng4 $17 {Droht ...Ta1+ und aus.} 37. Rxg7 Ra1+ 38. Kd2 Nxf2) 37. Bf3 $11 Nd7 38. Rxg7 Nc5 39. Rg4 Nxb3 40. Rb4 $1 {[%cal Rb4b3]} Rb2 (40... Nc1 $11 {hält das Gleichgewicht.} 41. Kd1 (41. Rxb5 $2 d2+ 42. Kf1 Ra1 $19) 41... Rc2) 41. Bd1 $16 d2+ 42. Kf1 Rb1 43. Rxb3 Rxd1+ 44. Ke2 Rf1 45. Rd3 ({Natürlich nicht} 45. Kxd2 $6 Rxf2+ 46. Ke3 Rxh2 $11) 45... d1=Q+ $4 {[%mdl 8192] [#]} (45... Rb1 $16) 46. Rxd1 {Weiß setzt Matt.} Rxd1 47. Kxd1 Ke7 48. g4 {Precision: Weiß = 43%, Schwarz = 45%.} 1-0

[Event "83rd ESP-ch Women-ch 2018"]
[Site "Linares"]
[Date "2018.08.20"]
[Round "1"]
[White "Garriga Cazorla, Pere"]
[Black "Rios Gallardo, Guillermo"]
[Result "1-0"]
[WhiteElo "2444"]
[BlackElo "1992"]
[Annotator "TA"]
[PlyCount "81"]
[EventDate "2018.08.09"]
[EventType "tourn"]
[EventCountry "ESP"]
[SourceTitle "playchess.com"]
[Source "ChessBase"]
[SourceQuality "1"]

{[%evp 24,81,123,98,131,99,110,102,131,134,137,140,150,118,134,103,108,111,132,132,127,127,130,127,168,129,197,180,197,198,191,76,150,110,159,160,240,235,235,236,234,243,246,237,277,234,289,261,277,269,244,235,356,327,459,455,372,310,559,554]} 1. d4 Nf6 2. c4 e6 3. g3 d5 4. Bg2 Be7 5. Nf3 O-O 6. O-O b6 7. cxd5 exd5 8. Nc3 Bb7 9. Ne5 Nbd7 10. Qa4 Nxe5 11. dxe5 Nd7 {[%cal Bf6d7,Bd7c5,Bc5e6,Be6d4][%mdl 32]} 12. Nxd5 Nc5 13. Qd1 c6 {E18: Queen's Indian: Old Main Line (4 g3 Bb7 5 Bg2 Be7 6 0-0 0-0 7 Nc3)} 14. Nc3 Qc7 {[#]} 15. f4 $1 Rad8 {[#]White is better.} 16. Qc2 $1 Ne6 17. Be3 c5 $146 ({Predecessor:} 17... Nd4 18. Bxd4 Rxd4 19. Nb5 Qd7 20. Nxd4 Qxd4+ {1-0 (20) Gheorghiu,F (2431)-Schweizer,R (2000) Winterthur 2003}) 18. Bxb7 Qxb7 19. Qe4 Qxe4 20. Nxe4 Nd4 21. Kf2 f6 22. exf6 Bxf6 23. Rad1 Kf7 24. b3 Rfe8 (24... Nc2 $16 25. Nxf6 gxf6) 25. Bxd4 $18 cxd4 26. Kf3 Re6 27. f5 (27. Rd2 $18 {and White stays clearly on top.}) 27... Rc6 (27... Re5 $142) 28. Rd2 Be5 29. e3 d3 (29... g6 $16) 30. Rfd1 Rc2 31. Nf2 ({Don't play} 31. Rxd3 $6 Rxd3 32. Rxd3 Rxa2) 31... Bc3 32. Rxd3 Rxd3 33. Rxd3 {[%mdl 4096] Endgame KRB-KRN} Be1 34. Ng4 Rxa2 35. Rd7+ Kf8 36. Ke4 Bc3 37. Rc7 h5 (37... Ba1 $142 38. Ne5 b5) 38. Ne5 Bxe5 (38... Ba1 $142 39. Ng6+ Ke8) 39. Kxe5 b5 40. Rb7 h4 $2 (40... Rxh2 {was necessary.} 41. Rxb5 Rg2) 41. gxh4 {Precision: White = 73%, Black = 43%.} 1-0

[Event "83rd ESP-ch Women-ch 2018"]
[Site "Linares"]
[Date "2018.08.20"]
[Round "1"]
[White "Sanchez Aller, Fernando"]
[Black "Rodriguez Redondo, Adhara"]
[Result "1-0"]
[WhiteElo "2345"]
[BlackElo "1909"]
[Annotator "TA"]
[PlyCount "127"]
[EventDate "2018.08.09"]
[EventType "tourn"]
[EventCountry "ESP"]
[SourceTitle "playchess.com"]
[Source "ChessBase"]
[SourceQuality "1"]

{[%evp 11,127,2,14,-14,0,-15,-16,-33,0,-4,2,-10,-18,-38,-21,-50,-19,-43,-25,-31,0,-5,-3,-32,-27,-41,0,0,0,0,0,0,0,0,20,23,26,0,27,28,14,25,12,5,48,0,0,0,0,-42,-33,-31,0,0,0,-506,-502,-506,-497,-466,0,0,75,69,75,57,57,42,42,42,78,81,158,158,222,172,172,129,108,79,109,82,94,60,60,60,91,105,116,116,116,116,116,116,116,118,135,133,180,60,224,227,291,290,291,154,285,124,121,81,133,125,267,254,254,242,5206,435]} 1. Nf3 d5 2. g3 Nf6 3. Bg2 Bg4 4. O-O e6 5. d3 Be7 6. Nbd2 {A07: Réti Opening: New York and Capablanca Systems} (6. h3 Bh5 7. Nbd2 c5 8. e4 Nc6 9. Re1 dxe4 10. dxe4 O-O 11. e5 Nd7 12. g4 Bg6 13. Nc4 Nb4 {1-0 (49) Caruana,F (2808)-Carlsen,M (2832) Paris 2017}) 6... O-O {LiveBook: 14 Games} 7. b3 c5 8. Ne5 $146 {The position is equal.} ({Predecessor:} 8. c4 Nc6 9. Bb2 Qb8 10. a3 b5 11. Rb1 Rd8 12. Qe1 Qb6 13. e4 dxe4 14. dxe4 Rd3 15. Ne5 Nxe5 16. Bxe5 Rad8 {0-1 (32) Koch,H (1949)-Frick,C (2244) Triesen 2014}) 8... Bh5 9. c4 Nc6 (9... Nfd7 {is more complex.} 10. d4 Nxe5 11. dxe5 Nc6 12. Bb2 a5) 10. Nxc6 bxc6 11. Nf3 Nd7 12. Be3 a5 13. a4 Qb6 14. Qc2 h6 15. Rab1 Bg6 16. Bc1 Rfd8 17. Ba3 Qc7 18. Rfc1 Rdc8 19. cxd5 cxd5 20. Nd4 Qb6 21. Nb5 Rab8 22. e4 Nf6 23. Qe2 Rd8 24. Rc3 Rbc8 25. Rbc1 dxe4 26. dxe4 Nd7 {[%cal Bf6d7,Bd7b8,Bb8a6,Ba6b4][%mdl 32]} 27. e5 Nb8 28. Be4 (28. Nd6 $5 Bxd6 29. exd6 $16) 28... Bxe4 29. Qxe4 Rd5 30. Qe3 Na6 31. Rd3 Rcd8 (31... Bg5 $5 32. f4 $8 Be7 33. Rxd5 exd5 $11) 32. Rcd1 Qc6 33. Nc3 $2 {[%mdl 8192] [#]} (33. Qf3 $11 {and White has nothing to worry.}) 33... Rxd3 $19 34. Rxd3 Rxd3 35. Qxd3 Nb4 $2 ({Better is} 35... c4 $1 $19 {[%cal Rc4d3]} 36. Qxc4 Qxc4 37. bxc4 Bxa3) 36. Qe4 $11 Qxe4 (36... Qd7 $11 {keeps the balance.}) 37. Nxe4 {[%mdl 4096] Endgame KBN-KBN} Kf8 38. Kf1 Ke8 39. Nd2 Kd7 40. Nc4 Nc6 41. Bb2 Kc7 (41... Bd8 $142) 42. Bc3 $16 Kb7 (42... f5 $16 {was called for.} 43. Bxa5+ Kd7) 43. Bxa5 Nd4 44. Bc3 Nxb3 45. Ke2 Kc6 46. Kd3 Nc1+ 47. Kd2 Na2 $1 48. f3 f6 49. Kc2 Nxc3 50. Kxc3 {KB-KN} Bd8 51. exf6 Bxf6+ 52. Kd3 Bd8 53. Ke4 Bf6 54. f4 Bd4 55. h3 (55. Ne5+ $18 Kd6 56. g4) 55... Bf6 $2 (55... h5 $14) 56. Ne5+ $18 Kd6 57. Kd3 Kd5 58. Nc4 (58. a5 $18 {Hoping for a6.} Bd8 59. Nc4) 58... Bd8 (58... Kc6 $16 {was necessary.}) 59. Ne3+ (59. a5 $18 {is the precise move to win.}) 59... Kc6 $16 60. Kc4 Bc7 {[#]} (60... h5 $142) 61. Ng4 $1 Bd6 (61... g5 $16) 62. Ne5+ $18 Kb6 63. Kb3 Ka5 $2 (63... Kb7 64. Kc4 Kb6) 64. Nc4+ {Precision: White = 53%, Black = 29%.} 1-0

[Event "83rd ESP-ch Women-ch 2018"]
[Site "Linares"]
[Date "2018.08.20"]
[Round "1"]
[White "Lopez Varela, Pablo"]
[Black "Anton Guijarro, David"]
[Result "0-1"]
[WhiteElo "2100"]
[BlackElo "2652"]
[Annotator "TA"]
[PlyCount "68"]
[EventDate "2018.08.09"]
[EventType "tourn"]
[EventCountry "ESP"]
[SourceTitle "playchess.com"]
[Source "ChessBase"]
[SourceQuality "1"]

{[%evp 16,68,0,-8,-5,-16,-3,-24,-20,-49,-52,-47,-35,-41,-46,-83,-78,-91,-43,-47,-35,-92,-59,-60,-60,-83,-84,-84,-86,-102,-93,-156,-153,-305,-304,-293,-289,-276,-243,-361,-340,-331,-310,-307,-304,-305,-299,-708,-699,-645,-629,-833,-816,-748,-733]} 1. b3 d5 2. Bb2 Nf6 3. Nf3 e6 4. e3 Bd6 5. d4 O-O 6. Bd3 b6 7. O-O Bb7 8. Nbd2 {D05: Colle System with ...e6} Ne4 (8... c5 9. dxc5 Bxc5 10. Qe2 Nbd7 11. c4 Qe7 12. a3 e5 13. Bf5 e4 14. Nd4 Ne5 15. Bh3 g6 16. b4 Bd6 17. Nb5 Bb8 18. cxd5 Bxd5 19. Bd4 {0-1 (46) Dominguez Perez,L (2739)-So,W (2788) Saint Louis 2017}) 9. Qe2 {LiveBook: 4 Games} a5 10. a3 {The position is equal.} Qe7 11. c4 Nd7 {[%cal Bb8d7,Bd7c5,Bc5d3][%mdl 32]} 12. Ne5 $146 ({Predecessor:} 12. Rfd1 f5 13. Nf1 {½-½ (13) Banikas,H (2520)-Parligras,M (2490) Istanbul 2002}) 12... Bxe5 13. dxe5 Nxd2 14. Qxd2 Nc5 15. Qc2 Nxd3 16. Qxd3 dxc4 17. bxc4 Rfd8 18. Qc2 (18. Qe2 $15) 18... Rd7 (18... Qg5 {feels hotter.} 19. f4 Qg6 20. Qxg6 hxg6 21. Rfd1 Ba6) 19. Rad1 Rad8 20. f3 Ba6 21. Rd4 c5 22. Rdd1 h6 23. Qb3 (23. Bc1 $142) 23... Qg5 $17 {aiming for ...Bxc4!} 24. f4 $2 {[#]} (24. Rxd7 $17 Rxd7 25. g3) 24... Qg6 $19 25. Rxd7 Rxd7 26. Bc1 Qd3 $40 {[%mdl 128] Black goes for the king.} 27. Qxb6 (27. Qxd3 $142 Rxd3 28. Rf2) 27... Qxc4 {[%csl Ga6][%cal Rc4f1] [#]} ({Much less strong is} 27... Bxc4 28. Re1 $19) 28. Re1 Bb7 29. Qb2 Be4 30. Bd2 a4 31. Qc3 $2 (31. h4) 31... Qa2 {Black is clearly winning.} 32. Re2 Rd3 33. Qc1 Rb3 34. Kf2 Bd3 {Precision: White = 24%, Black = 86%.} 0-1

[Event "83rd ESP-ch Women-ch 2018"]
[Site "Linares"]
[Date "2018.08.20"]
[Round "1"]
[White "Jimenez de la Torre, Jose Antonio"]
[Black "Perez Candelario, Manuel"]
[Result "0-1"]
[WhiteElo "2076"]
[BlackElo "2611"]
[Annotator "TA"]
[PlyCount "112"]
[EventDate "2018.08.09"]
[EventType "tourn"]
[EventCountry "ESP"]
[SourceTitle "playchess.com"]
[Source "ChessBase"]
[SourceQuality "1"]

{[%evp 15,112,41,36,37,66,61,75,74,64,69,73,67,59,54,53,0,81,44,55,47,97,96,101,50,50,45,50,43,50,60,62,58,53,48,59,45,212,212,205,138,215,214,313,316,263,307,284,268,276,267,257,127,228,222,216,212,166,0,0,0,0,0,0,0,0,0,0,0,0,0,0,-104,-50,-103,-8,-8,-8,-8,-8,-8,-8,-8,-8,-8,-8,-8,-8,-8,-8,-8,-8,-8,-8,-8,0,-8,-9,-29977,-29980]} 1. e4 g6 2. d4 Bg7 3. Nf3 d6 4. Bd3 Nf6 {[%cal Bg8f6,Bf6h5,Bh5f4][%mdl 32]} 5. h3 O-O 6. O-O c6 {B07: Pirc Defence: Miscellaneous Systems} (6... Nc6 7. c3 e5 8. Re1 h6 9. Nbd2 Nh5 10. dxe5 Nxe5 11. Nxe5 Bxe5 12. Nf3 Bg7 13. Be3 b6 14. Qd2 Kh7 15. Rad1 Bb7 16. Qc2 Qe7 {1-0 (38) Amonatov,F (2636)-Petrosian,T (2601) Riadh 2017}) 7. c4 Na6 8. Nc3 e5 {LiveBook: 9 Games. White is slightly better.} 9. d5 Nh5 10. Re1 Nf4 $146 ({Predecessor:} 10... c5 11. a3 Bd7 12. Rb1 Re8 13. Bg5 f6 14. Be3 Nf4 15. Bc2 Rc8 {1-0 (27) Alvebring,M (2255)-Kund,W (2203) IECG email 2002}) 11. Bf1 f5 12. Bxf4 exf4 13. e5 dxe5 $1 14. Nxe5 Qd6 15. Qe2 (15. Nd3 $14) 15... Nc7 (15... Nc5 $11) 16. c5 Qxc5 17. Qc4 $1 {[%cal Rc4c5]} Qd6 18. dxc6+ Be6 19. cxb7 ({White should play} 19. Qxf4 $16 Nd5 20. Nxd5 Bxd5 21. cxb7) 19... Bxc4 $14 20. Bxc4+ Kh8 $1 ({Don't go for} 20... Ne6 $2 21. bxa8=R Rxa8 22. Rad1 $18) 21. bxa8=Q Nxa8 22. Nf7+ Rxf7 $1 23. Bxf7 Bxc3 24. bxc3 {[%cal Bb2c3,Bc3c4,Bc4c5,Bc5c6][%mdl 32]} Nb6 25. Rad1 Qf6 $2 (25... Qc7 $14 26. Bb3 Kg7) 26. Bb3 $1 $18 {Threatens to win with a4.} Kg7 27. c4 {And now c5 would win.} Qf8 (27... Qc6 $16 28. Re7+ Kh6 29. Rxa7 Qc5) 28. Re5 $1 Kf6 (28... Qf6 $142 29. Ra5 Qe7) 29. Ra5 Nc8 30. c5 f3 31. Bd5 fxg2 32. Bxg2 ({But not} 32. Kxg2 $6 Kg5 $16) 32... Qe7 33. Kf1 (33. c6 $18 {is more deadly.}) 33... Kg5 {[#]} (33... Qc7 $16 34. Ra6+ Kg5) 34. c6 $1 Qb4 35. Rad5 Ne7 36. Rd7 $2 (36. Rd6 $18) 36... Nxc6 $11 37. Bxc6 Qc4+ 38. Kg1 Qxc6 39. Rxa7 {[%mdl 4096] Endgame KQ-KRR} Qf3 40. Rad7 Qxh3 {Strongly threatening ...f4.} 41. R1d3 Qh4 42. R7d4 f4 43. Kf1 (43. Kg2 $11 {keeps the balance.}) 43... Qh1+ $17 44. Ke2 {[#]} h5 (44... Kg4 $1 $17 {...h5 is the strong threat.} 45. a4 g5 46. Rg3+ Kh4) 45. Rf3 $1 $11 Qa1 46. Rfxf4 Qxa2+ 47. Kf3 Qb3+ 48. Kg2 Qb7+ 49. f3 Qb2+ 50. Kg3 Qb8 51. Rde4 Qd6 {Black wants to play ...Qc7.} 52. Rd4 Qc7 53. Rc4 Qe5 54. Rce4 Qa1 55. Kf2 Qb2+ 56. Ke3 $2 {[%mdl 8192]} (56. Kg3 $11) 56... Qc1+ {Precision: White = 65%, Black = 64%.} 0-1

[Event "83rd ESP-ch Women-ch 2018"]
[Site "Linares"]
[Date "2018.08.20"]
[Round "1"]
[White "Perez Perez, Gabriel"]
[Black "Del Rio de Angelis, Salvador Gabriel"]
[Result "0-1"]
[WhiteElo "2058"]
[BlackElo "2525"]
[Annotator "TA"]
[PlyCount "79"]
[EventDate "2018.08.09"]
[EventType "tourn"]
[EventCountry "ESP"]
[SourceTitle "playchess.com"]
[Source "ChessBase"]
[SourceQuality "1"]

{[%evp 19,79,-5,-7,-9,-8,-6,0,-33,-28,-29,-29,-41,-39,-50,-47,-47,-52,-50,-53,-47,-44,-53,-52,-49,-50,-62,-57,-60,-52,-58,-51,-60,-41,-57,-51,-51,-51,-50,-52,-82,-33,-72,-62,-72,-50,-46,-35,-42,-27,-55,-29,-143,-150,-339,-339,-487,-466,-1139,-1132,-1127,-1101,-1101]} 1. d4 d5 2. c4 e6 3. Nc3 Be7 4. Nf3 Nf6 5. cxd5 exd5 6. Bg5 c6 7. e3 Bf5 8. Bd3 Bxd3 9. Qxd3 Nbd7 10. O-O O-O {LiveBook: 382 Games} 11. Bh4 {D35: Queen's Gambit Declined: Exchange Variation} (11. Rab1 a5 12. h3 {½-½ (12) Amonatov,F (2624)-Shimanov,A (2623) Astana 2017}) 11... Re8 12. Rfe1 $146 ({Predecessor:} 12. Qc2 Nh5 13. Bg3 Nxg3 14. hxg3 Bd6 15. e4 dxe4 16. Nxe4 Nf6 17. Nc3 Qa5 18. Rad1 Rad8 {1-0 (71) Fernandez,D (2477)-Sultan,I (2126) Paracin 2018}) 12... Nb6 13. e4 {The position is equal.} Nxe4 14. Nxe4 dxe4 15. Rxe4 Bxh4 16. Nxh4 Rxe4 17. Qxe4 Qd5 18. Re1 {[#] Qe8+! would kill now.} Qxe4 19. Rxe4 $15 {[%mdl 4096] Endgame KRN-KRN} Kf8 20. Kf1 Rd8 21. Nf3 f6 22. Ke1 Rd5 23. Kd1 Ra5 24. a3 Rb5 25. Re2 g5 26. h3 Nc4 27. Kc1 Kf7 28. Rc2 Nd6 29. Kd2 Rb3 30. Ke2 Nf5 {Threatens to win with ...Rxf3!} 31. Rd2 Ke7 32. Kd1 Rb5 33. Kc2 h5 34. Kd3 a5 {[%cal Ba7a5,Ba5a4][%mdl 32]} 35. Rc2 {[#]} (35. Ng1 $11 {remains equal.}) 35... Rb3+ $1 $17 36. Kc4 $2 (36. Kd2 $17) 36... a4 $19 37. Kc5 (37. Rc3 {keeps fighting.} Rxb2 38. d5) 37... Kd7 {( -> ...b6+). Black is clearly winning.} 38. d5 (38. Rc3 $142 Rxb2 39. d5) 38... b6+ 39. Kc4 Nd6+ 40. Kd4 {Precision: White = 45%, Black = 64%.} 0-1